| 000 | 00645nam a22001817a 4500 | ||
|---|---|---|---|
| 005 | 20251108165800.0 | ||
| 008 | 250721s1976 xx 000 0 ara d | ||
| 082 | 1 | 4 | _aم/346.063/عرا |
| 245 | 1 | 0 | _aقانون أصول المحاسبات العامة رقم 28 لسنة 1940 المعدل مع التعليمات الحسابية الملحقة به / |
| 250 | _aط2 | ||
| 264 | 1 |
_aبغداد : _bوزارة المالية - مديرية المحاسبات العامة، _c1976. |
|
| 300 | _a384ص | ||
| 650 | 1 | 7 | _aالمحاسبة |
| 650 | 1 | 7 | _aالقانون العام |
| 650 | 1 | 7 | _aالعراق |
| 942 |
_2ddc _cREF |
||
| 999 |
_c31185 _d31185 |
||